Аппаратно-программный комплекс контроля устойчивости бортов карьеров с использованием волоконно-оптических датчиков: автореферат диссертации на соискание ученой степени кандидата технических наук; спец. 2.2.8
| المؤلف الرئيسي: | |
|---|---|
| مؤلف مشترك: | |
| مؤلفون آخرون: | |
| الملخص: | Заглавие с титульного экрана Электронная версия печатной публикации Защита сост. 13.12.2022 |
| اللغة: | الروسية |
| منشور في: |
Томск, 2022
|
| الموضوعات: | |
| الوصول للمادة أونلاين: | http://earchive.tpu.ru/handle/11683/73180 |
| التنسيق: | MixedMaterials الكتروني كتاب |
| KOHA link: | https://koha.lib.tpu.ru/cgi-bin/koha/opac-detail.pl?biblionumber=371324 |
MARC
| LEADER | 00000nlm0a2200000 4500 | ||
|---|---|---|---|
| 001 | 371324 | ||
| 005 | 20231102012352.0 | ||
| 035 | |a (RuTPU)RU\TPU\retro\28734 | ||
| 035 | |a RU\TPU\retro\28732 | ||
| 090 | |a 371324 | ||
| 100 | |a 20221012d2022 k y0rusy50 ca | ||
| 101 | 0 | |a rus | |
| 102 | |a RU | ||
| 105 | |a a dm 000zy | ||
| 135 | |a drcn ---uucaa | ||
| 181 | 0 | |a i | |
| 182 | 0 | |a b | |
| 200 | 1 | |a Аппаратно-программный комплекс контроля устойчивости бортов карьеров с использованием волоконно-оптических датчиков |e автореферат диссертации на соискание ученой степени кандидата технических наук |e спец. 2.2.8 |f Мади Перизат |g Национальный исследовательский Томский политехнический университет ; науч. рук. А. В. Юрченко | |
| 203 | |a Текст |c электронный | ||
| 210 | |a Томск |d 2022 | ||
| 215 | |a 1 файл (706 КБ) | ||
| 230 | |a Электронные текстовые данные (1 файл : 706 КБ) | ||
| 300 | |a Заглавие с титульного экрана | ||
| 300 | |a Электронная версия печатной публикации | ||
| 300 | |a Защита сост. 13.12.2022 | ||
| 606 | 1 | |a Карьеры |x Борта |x Деформация |x Устойчивость |x Расчет |2 stltpush |3 (RuTPU)RU\TPU\subj\39408 |9 59521 | |
| 610 | 1 | |a электронный ресурс | |
| 610 | 1 | |a авторефераты диссертаций | |
| 610 | 1 | |a труды учёных ТПУ | |
| 610 | 1 | |a аппаратно-программные комплексы | |
| 610 | 1 | |a устойчивость | |
| 610 | 1 | |a борты карьеров | |
| 610 | 1 | |a волоконно-оптические датчики | |
| 610 | 1 | |a эффективность | |
| 610 | 1 | |a безопасность | |
| 610 | 1 | |a горные работы | |
| 610 | 1 | |a математическое моделирование | |
| 610 | 1 | |a геотехническое состояние | |
| 610 | 1 | |a дистанционный контроль | |
| 675 | |a 622.271.33(04) |v 4 | ||
| 686 | |a 05.11.13 |2 oksvnk | ||
| 700 | 0 | |a Мади Перизат | |
| 702 | 1 | |a Юрченко |b А. В. |c физик |c профессор Томского политехнического университета, кандидат технических наук |f 1974- |g Алексей Васильевич |2 stltpush |3 (RuTPU)RU\TPU\pers\25599 |4 727 | |
| 712 | 0 | 2 | |a Национальный исследовательский Томский политехнический университет |b Исследовательская школа физики высокоэнергетических процессов |c (2017- ) |h 8118 |2 stltpush |3 (RuTPU)RU\TPU\col\23551 |
| 801 | 2 | |a RU |b 63413507 |c 20221220 |g RCR | |
| 856 | 4 | |u http://earchive.tpu.ru/handle/11683/73180 | |
| 942 | |c CF | ||